000 00430nam a2200169 4500
003 SEACOMMC
005 20250424133251.0
008 241104b |||||||| |||| 00| 0 eng d
020 _a81-74463-75-5
_cRs.275.00
040 _aSEACOMMC
082 _a338.7
_bB 412
100 _a Bedi, Suresh
245 1 _aBusiness Environment
_c Suresh Bedi
260 _a New Delhi
_b Excel Books
_c 2004
650 _a Management
942 _cBOOK
999 _c722
_d722